000 00660nam a2200229Ia 4500
003 OSt
005 20220927114220.0
006 a|||||r|||| 00| 0
007 ta
008 220926b |||||||| |||| 00| 0 eng d
024 _a146614
037 _cTextbook
040 _aRTL
_cRTL
_beng
041 _2eng
_aeng
082 _a"X724:(Z2.N61).N7, M1/TD3"
100 _aBharagava U K
_9387221
245 0 _aTexman's income-tax act
260 _aNew
_bdelhi Texman publication
_c1981
700 _a Bharagava B D
_9387222
942 _h"X724:(Z2.N61).N7, M1/TD3"
_cCC
999 _c703145
_d703145